[Event "Bacolod Negros op"]
[Site "Bacolod"]
[Date "2017.10.19"]
[Round "9"]
[White "Laylo, Darwin"]
[Black "Salubre, Jayson"]
[Result "1/2-1/2"]
[WhiteElo "2402"]
[BlackElo "2282"]
[PlyCount "122"]
[EventDate "2017.10.11"]
[EventType "swiss"]
[EventRounds "9"]
[EventCountry "PHI"]
[SourceTitle "CBM 181 Extra"]
[Source "ChessBase"]
[SourceDate "2017.12.12"]
[SourceVersion "1"]
[SourceVersionDate "2017.12.12"]
[SourceQuality "1"]

1. d4 d5 2. Nf3 Nf6 3. c4 c6 4. e3 Bf5 5. Nc3 e6 6. Nh4 Bg6 7. Be2 Nbd7 8. Bd2 Bd6 9. g3 0-0 10. 0-0 dxc4 11. Nxg6 hxg6 12. Bxc4 c5 13. Nb5 Be7 14. dxc5 a6 15. Nd4 Bxc5 16. Nb3 Be7 17. Rc1 Ne4 18. Ba5 b6 19. Be1 Bf6 20. Qe2 a5 21. Bb5 Ndc5 22. Nxc5 Nxc5 23. f3 Qc7 24. Bf2 Rfd8 25. Rc2 g5 26. g4 g6 27. b3 Kg7 28. Bg3 Be5 29. f4 gxf4 30. exf4 Bd4+ 31. Kg2 Qb7+ 32. Qf3 Qxf3+ 33. Kxf3 Rd6 34. Rd1 Rad8 35. Rcd2 Be5 36. Rxd6 Rxd6 37. Rxd6 Bxd6 38. h4 f5 39. Bf2 Kf7 40. Bd4 Bc7 41. g5 Bd6 42. Ke3 Bc7 43. Be2 Nd7 44. h5 gxh5 45. Bxh5+ Ke7 46. g6 Nf6 47. g7 Bxf4+ 48. Kxf4 Nxh5+ 49. Kg5 Nxg7 50. Bxg7 Kd6 51. Bd4 b5 52. Kf4 Kd5 53. Ba7 a4 54. Bf2 Kd6 55. Be1 Kd5 56. Bc3 Kd6 57. Bd2 Kd5 58. Be3 Kd6 59. Bd4 Kd5 60. Be5 Kc5 61. Bc3 Kd5 1/2-1/2

[Event "Bacolod Negros op"]
[Site "Bacolod"]
[Date "2017.10.13"]
[Round "3"]
[White "Salubre, Jayson"]
[Black "Concio, Michael Jr"]
[Result "1-0"]
[WhiteElo "2282"]
[BlackElo "1824"]
[PlyCount "109"]
[EventDate "2017.10.11"]
[EventType "swiss"]
[EventRounds "9"]
[EventCountry "PHI"]
[SourceTitle "CBM 181 Extra"]
[Source "ChessBase"]
[SourceDate "2017.12.12"]
[SourceVersion "1"]
[SourceVersionDate "2017.12.12"]
[SourceQuality "1"]

1. e4 e6 2. Nc3 d5 3. Nf3 Nf6 4. e5 Ne4 5. Ne2 Bc5 6. d4 Be7 7. Ng3 Nxg3 8. hxg3 c5 9. c3 Nc6 10. dxc5 Bxc5 11. Bd3 h6 12. Qa4 Qe7 13. Qg4 Qf8 14. b4 Bb6 15. b5 Ne7 16. Ba3 f5 17. Qh4 Kf7 18. Bd6 Qd8 19. Ng5+ Ke8 20. Nh3 Bc7 21. Bxc7 Qxc7 22. Qd4 b6 23. Nf4 Qc5 24. a4 Kf7 25. a5 Qxd4 26. cxd4 Bd7 27. Kd2 Rhb8 28. Ne2 a6 29. Rhb1 axb5 30. a6 b4 31. Rxb4 Nc6 32. Rb2 Bc8 33. Rc1 Ne7 34. Ra2 b5 35. Ra5 Bxa6 36. Rc7 Rb6 37. Nc1 Rc6 38. Rd7 Rb8 39. Nb3 Rbb6 40. Nc5 Bc8 41. Rd8 Rc7 42. Bxb5 Nc6 43. Bxc6 Rbxc6 44. Ra8 Ke7 45. Rh8 Kf7 46. Ke3 Ke7 47. Kf4 Kf7 48. Kf3 Kg6 49. g4 fxg4+ 50. Kxg4 Bb7 51. Rag8 Ba6 52. Re8 Be2+ 53. f3 Ba6 54. Kh4 Bc8 55. Nd3 1-0

[Event "Manila Pichay Cup 4th"]
[Site "Manila"]
[Date "2008.09.19"]
[Round "9"]
[White "Salubre, Jayson"]
[Black "Ballecer, Dino"]
[Result "1/2-1/2"]
[WhiteElo "2322"]
[BlackElo "2419"]
[PlyCount "23"]
[EventDate "2008.09.14"]
[EventType "swiss"]
[EventRounds "9"]
[EventCountry "PHI"]
[SourceTitle "CBM 126 Extra"]
[Source "ChessBase"]
[SourceDate "2008.11.05"]
[SourceVersion "1"]
[SourceVersionDate "2008.11.05"]
[SourceQuality "1"]

1. e4 c5 2. Bc4 Nc6 3. d3 e6 4. Nf3 d6 5. Qe2 Nge7 6. a3 g6 7. Nbd2 Bg7 8. c3 0-0 9. Ba2 b6 10. Nf1 Bb7 11. Ng3 Qd7 12. 0-0 1/2-1/2

[Event "Manila Pichay Cup 4th"]
[Site "Manila"]
[Date "2008.09.14"]
[Round "1"]
[White "Salubre, Jayson"]
[Black "Laylo, Darwin"]
[Result "0-1"]
[WhiteElo "2322"]
[BlackElo "2504"]
[PlyCount "64"]
[EventDate "2008.09.14"]
[EventType "swiss"]
[EventRounds "9"]
[EventCountry "PHI"]
[SourceTitle "CBM 126 Extra"]
[Source "ChessBase"]
[SourceDate "2008.11.05"]
[SourceVersion "1"]
[SourceVersionDate "2008.11.05"]
[SourceQuality "1"]

1. Nf3 d5 2. c4 c6 3. b3 Nf6 4. Bb2 a5 5. a3 g6 6. g3 Bg7 7. Bg2 0-0 8. 0-0 Nbd7 9. Qc2 b6 10. d4 Ba6 11. Nbd2 Rc8 12. Rfc1 c5 13. Qd1 e6 14. e3 Qe7 15. a4 Rfd8 16. Qe1 Ne4 17. Rab1 f5 18. Bf1 Bb7 19. cxd5 exd5 20. Bb5 g5 21. Qe2 Nf8 22. Ba6 g4 23. Bxb7 gxf3 24. Qa6 Rc7 25. Nxe4 fxe4 26. dxc5 Bxb2 27. Rxb2 Rxb7 28. c6 Rc7 29. Qxb6 Qe6 30. Kh1 Rd6 31. Rg1 Rcxc6 32. Qxa5 Qh3 0-1

[Event "Manila Pichay Cup 3rd"]
[Site "Manila"]
[Date "2007.12.02"]
[Round "2"]
[White "Barbosa, Oliver"]
[Black "Salubre, Jayson"]
[Result "1-0"]
[WhiteElo "2413"]
[BlackElo "2009"]
[PlyCount "108"]
[EventDate "2007.12.01"]
[EventType "swiss"]
[EventRounds "9"]
[EventCountry "PHI"]
[SourceTitle "CBM 122 Extra"]
[Source "ChessBase"]
[SourceDate "2008.03.04"]
[SourceVersion "1"]
[SourceVersionDate "2008.03.04"]
[SourceQuality "1"]

1. d4 Nf6 2. Nf3 e6 3. c4 b6 4. g3 Ba6 5. Qa4 Be7 6. Nc3 Bb7 7. Bg2 0-0 8. 0-0 c5 9. Rd1 cxd4 10. Nxd4 Bxg2 11. Kxg2 a6 12. e4 Qc7 13. Bf4 Qb7 14. f3 d6 15. Nc2 Rd8 16. Nb4 Qc8 17. Rac1 Ra7 18. Be3 Qc7 19. Rc2 h6 20. Ne2 Rc8 21. Nd4 Nfd7 22. Rdc1 Nc5 23. Qa3 Qb7 24. Kg1 Qa8 25. Bf2 Rd7 26. Nd5 exd5 27. cxd5 Re8 28. b4 Bg5 29. Re1 Nb7 30. f4 Bf6 31. Nb5 Bd8 32. Rc8 a5 33. Qa4 Rde7 34. Nc7 Rxc7 35. Qxe8+ Kh7 36. Rxc7 Bxc7 37. Rc1 Nc5 38. bxc5 bxc5 39. Qc8 Qa7 40. Rb1 Bb6 41. e5 dxe5 42. Qf5+ Kg8 43. Qxe5 Na6 44. d6 Nb4 45. a3 c4 46. Qe8+ Kh7 47. Qe4+ g6 48. Bxb6 Qxb6+ 49. Kg2 Qxd6 50. axb4 Qd2+ 51. Kh3 c3 52. bxa5 Qd7+ 53. f5 h5 54. Rb7 Qc8 1-0